|
|
|
|
| LEADER |
00844nta a2200205 i 4500 |
| 001 |
dipl134303 |
| 005 |
20230731110644.0 |
| 008 |
230731s2022 hu om 0|| hun d |
| 040 |
|
|
|a SZTE Diploma Repozitórium
|b hun
|
| 041 |
|
|
|a hun
|
| 100 |
1 |
|
|a Holka Dániel
|
| 245 |
1 |
2 |
|a A felelősségteljes innováció alkalmazását befolyásoló tényezők a magyar KKV szektorban
|h [elektronikus dokumentum] /
|c Dániel Holka
|
| 246 |
1 |
0 |
|a Factors influencing the implementation of responsible innovation in the Hungarian SME sector
|h [elektronikus dokumentum]
|
| 260 |
|
|
|c 2022
|
| 650 |
|
4 |
|a Gazdaságtudományok
|
| 650 |
|
4 |
|a Social sciences
|
| 650 |
|
4 |
|a Economics and business
|
| 650 |
|
4 |
|a Business and management
|
| 700 |
1 |
|
|a Nádas Nikoletta
|e ths
|
| 856 |
4 |
0 |
|u https://diploma.bibl.u-szeged.hu/id/eprint/134303/1/2022_holka_daniel.pdf
|z Dokumentum-elérés
|